Del 11 de septiembre a la ocupación de Irak /

Enregistré dans:
Détails bibliographiques
Auteur principal: Brieger, Pedro
Format: Texte
Tags: Ajouter un tag
Pas de tags, Soyez le premier à ajouter un tag!

MARC

LEADER 00000 a a2200000 04500
001 10131
003
040
100 |a Brieger, Pedro  
245 |a Del 11 de septiembre a la ocupación de Irak /  |c Pedro Brieger 
773 |g número 19; páginas 126-133  
999 |c 29529  |d 29529